00777nam a2200277Ia 4500008004000000020001500040041000800055082001600063100001400079245006000093260003700153300001300190650001100203650001200214650001100226650001200237650000900249650000700258650001200265650001000277690002000287700001900307906001100326999001900337952014300356210210b2008 xxu||||| |||| 00| 0 eng d a8131601501 aeng a307.72 SAHT aSAH (D C) aTrapped in povertybchronic poor in remote tribal areas aJaipurbRawat Publicationsc2008 axii--212 atribal aTrapped aremote apoverty apoor ain achronic aareas aRural Sociology aBHATT (Ashish) a063339 c135878d135878 001040708SociologyaALbALcSociologyd2021-02-17eKnowledge Worldg525.00l0o307.72 SAHTp063339r2021-02-17 00:00:00w2021-02-17yBK